| 000 | 00495nmm a2200169Ia 4500 | ||
|---|---|---|---|
| 008 | 251105s9999||||xx |||||||||||||||||und|| | ||
| 020 | _a8470309234 | ||
| 041 | _aspa | ||
| 100 | _aGarcía Santesmases, Antonio | ||
| 245 | 0 | _aÉtica, Política y Utopía | |
| 264 |
_a[Madrid, España] : _bBiblioteca Nueva, _c2001 |
||
| 300 | _a333 páginas | ||
| 490 | _aEnsayo Pensamiento | ||
| 650 | _aPolitical Science (General) | ||
| 856 | _uhttps://public.digitaliapublishing.com/a/4784 | ||
| 942 | _cCF | ||
| 999 |
_c73232 _d73232 |
||